00496nam a2200133 4500008004100000022001300041245011400054246002200168260004300190300001100233942000700244952009600251999001500347240220b |||||||| |||| 00| 0 eng d a17296242 aSouth Asian journal 14 : Quarterly Magazine of South Asian Journalists & scholars : bOctober - December 2006 aIndo-Pak dialogue aLahore :bFree Media foundation,c2006 b180 p. cCR 00102ddc4070aMAINbMAINd2024-02-20l0o954.93 SOUpRAF5066r2024-02-20w2024-02-20yCR c4782d4782